[Event "Stockholm Spangbergs Memorial"]
[Site "Stockholm"]
[Date "2024.02.18"]
[Round "6"]
[White "Hellers, Ferdinand"]
[Black "Westerberg, Jonathan"]
[Result "1-0"]
[WhiteElo "2581"]
[BlackElo "2468"]
[PlyCount "107"]
[EventDate "2024.02.17"]
[EventType "swiss"]
[EventRounds "7"]
[EventCountry "SWE"]
[SourceTitle "CB08_2024"]
[SourceDate "2024.02.21"]
[SourceVersion "1"]
[SourceVersionDate "2024.02.21"]
[SourceQuality "1"]

1. e4 e5 2. Nf3 Nf6 3. Nxe5 d6 4. Nf3 Nxe4 5. Nc3 Nf6 6. d4 Be7 7. Bd3 0-0 8. h3 Nbd7 9. 0-0 Re8 10. Re1 b6 11. Bb5 Bb7 12. d5 a6 13. Bc6 Bxc6 14. dxc6 Nf8 15. Nd4 d5 16. Bg5 Ne4 17. Bxe7 Rxe7 18. Qg4 Nxc3 19. bxc3 Qe8 20. Kf1 Re4 21. Rxe4 Qxe4 22. Qg3 Ne6 23. Re1 Qg6 24. Qe5 h6 25. Nxe6 fxe6 26. Qxc7 Rf8 27. Re2 Qg5 28. g3 Qf5 29. Kg1 Qxh3 30. Qxb6 Qg4 31. Qxa6 e5 32. c7 e4 33. Re1 h5 34. Qe2 Qf5 35. c4 d4 36. c8Q Rxc8 37. Qxe4 Qxe4 38. Rxe4 Rxc4 39. c3 Rxc3 40. Rxd4 Ra3 41. Rd2 g5 42. Rd5 g4 43. Rxh5 Ra4 44. Rb5 Kf7 45. Rb2 Kf6 46. Kf1 Ke5 47. Ke2 Kd4 48. Kd2 Ra3 49. Rb4+ Ke5 50. Rxg4 Rxa2+ 51. Ke3 Ra3+ 52. Ke2 Ra2+ 53. Kf3 Kf5 54. Rb4 1-0

[Event "EU-ch Blitz"]
[Site "Zagreb"]
[Date "2023.12.16"]
[Round "10"]
[White "Hellers, Ferdinand"]
[Black "Fressinet, Laurent"]
[Result "0-1"]
[WhiteElo "2595"]
[BlackElo "2637"]
[PlyCount "91"]
[EventDate "2023.12.16"]
[EventType "swiss (blitz)"]
[EventRounds "13"]
[EventCountry "CRO"]
[SourceTitle "CB51_2023"]
[SourceDate "2023.12.20"]
[SourceVersion "1"]
[SourceVersionDate "2023.12.20"]
[SourceQuality "1"]

1. Nf3 Nf6 2. g3 d5 3. Bg2 e6 4. 0-0 Be7 5. d3 0-0 6. Nbd2 a5 7. e4 a4 8. a3 c5 9. Re1 Nc6 10. e5 Nd7 11. Nf1 f6 12. exf6 Nxf6 13. Bf4 Bd6 14. Bxd6 Qxd6 15. Qe2 Bd7 16. N1d2 Rae8 17. Ne5 Nxe5 18. Qxe5 Qb6 19. h3 Kh8 20. Nf3 Bc6 21. Rab1 d4 22. Ng5 Bxg2 23. Kxg2 Qc6+ 24. Kg1 h6 25. Ne4 Nd5 26. Qd6 Qxd6 27. Nxd6 Re7 28. Re5 Rd8 29. Ne4 b6 30. Re1 Nc7 31. Nd2 Rd5 32. Nc4 b5 33. Rxd5 Nxd5 34. Nd6 b4 35. Re5 b3 36. cxb3 axb3 37. Ne4 Rc7 38. Rxe6 c4 39. dxc4 Rxc4 40. Rd6 Nc3 41. Nd2 Rc8 42. bxc3 b2 43. cxd4 Rc2 44. Rb6 Rxd2 45. a4 Rd1+ 46. Kg2 0-1

[Event "EU-ch Blitz"]
[Site "Zagreb"]
[Date "2023.12.16"]
[Round "11"]
[White "Zadravec, Matija"]
[Black "Hellers, Ferdinand"]
[Result "1/2-1/2"]
[WhiteElo "2284"]
[BlackElo "2595"]
[PlyCount "80"]
[EventDate "2023.12.16"]
[EventType "swiss (blitz)"]
[EventRounds "13"]
[EventCountry "CRO"]
[SourceTitle "CB51_2023"]
[SourceDate "2023.12.20"]
[SourceVersion "1"]
[SourceVersionDate "2023.12.20"]
[SourceQuality "1"]

1. e4 g6 2. d4 Bg7 3. Nc3 d6 4. f4 Nf6 5. Nf3 0-0 6. e5 Nfd7 7. h4 c5 8. h5 cxd4 9. hxg6 dxc3 10. Bc4 e6 11. gxf7+ Rxf7 12. Ng5 Nxe5 13. fxe5 cxb2 14. Bxb2 Qa5+ 15. Ke2 Rf5 16. Nxe6 Rxe5+ 17. Bxe5 Qxe5+ 18. Kd2 Bxe6 19. Bxe6+ Qxe6 20. Qh5 Qg6 21. Qd5+ Qf7 22. Qe4 Nc6 23. Qxh7+ Kf8 24. Raf1 Bf6 25. Qh8+ Bxh8 26. Rxh8+ Kg7 27. Rxf7+ Kxh8 28. Rxb7 Rg8 29. Rc7 Rxg2+ 30. Kc3 Ne5 31. Rxa7 Kg8 32. Ra6 Nf7 33. a4 Kf8 34. a5 Rg1 35. Kb2 Rg4 36. Kb3 Ke7 37. Ra7+ Ke6 38. a6 Ne5 39. Ra8 Nc6 40. a7 Nxa7 1/2-1/2

[Event "EU-ch Rapid"]
[Site "Zagreb"]
[Date "2023.12.15"]
[Round "7"]
[White "Hellers, Ferdinand"]
[Black "Plat, Vojtech"]
[Result "0-1"]
[WhiteElo "2595"]
[BlackElo "2509"]
[PlyCount "76"]
[EventDate "2023.12.14"]
[EventType "swiss (rapid)"]
[EventRounds "11"]
[EventCountry "CRO"]
[SourceTitle "CB51_2023"]
[SourceDate "2023.12.20"]
[SourceVersion "1"]
[SourceVersionDate "2023.12.20"]
[SourceQuality "1"]

1. e4 c5 2. Nf3 Nc6 3. d4 cxd4 4. Nxd4 e5 5. Nb5 a6 6. Nd6+ Bxd6 7. Qxd6 Qf6 8. Qd1 Qg6 9. Nc3 d5 10. Nxd5 Qxe4+ 11. Be3 Nd4 12. Nc7+ Ke7 13. Rc1 Bg4 14. Qd3 Qxd3 15. Bxd3 Rd8 16. f4 Kd6 17. c3 Nc6 18. Bb6 Nf6 19. c4 Nb4 20. Bb1 Kc6 21. Ba5 Nd3+ 22. Bxd3 Rxd3 23. fxe5 Re3+ 24. Kf2 Rxe5 25. Nd5 Re2+ 26. Kg3 Be6 27. Nb4+ Kd7 28. Rhd1+ Kc8 29. c5 Rxb2 30. Rb1 Ne4+ 31. Kf4 Rxb1 32. Rxb1 Nd2 33. Rd1 Nc4 34. Bb6 Nxb6 35. cxb6 Rd8 36. Rxd8+ Kxd8 37. a4 a5 38. Nd3 Kd7 0-1

[Event "EU-ch Rapid"]
[Site "Zagreb"]
[Date "2023.12.15"]
[Round "10"]
[White "Zadravec, Matija"]
[Black "Hellers, Ferdinand"]
[Result "1/2-1/2"]
[WhiteElo "2284"]
[BlackElo "2595"]
[PlyCount "98"]
[EventDate "2023.12.14"]
[EventType "swiss (rapid)"]
[EventRounds "11"]
[EventCountry "CRO"]
[SourceTitle "CB51_2023"]
[SourceDate "2023.12.20"]
[SourceVersion "1"]
[SourceVersionDate "2023.12.20"]
[SourceQuality "1"]

1. e4 Nf6 2. e5 Nd5 3. d4 d6 4. Nf3 g6 5. Bc4 Nb6 6. Bb3 Bg7 7. Ng5 e6 8. f4 dxe5 9. fxe5 c5 10. c3 cxd4 11. 0-0 0-0 12. cxd4 Nc6 13. Be3 Nd5 14. Bxd5 exd5 15. Nc3 f6 16. exf6 Bxf6 17. Qf3 h6 18. Nh3 Bxd4 19. Qg3 Bxe3+ 20. Qxe3 Rxf1+ 21. Rxf1 Qb6 22. Nxd5 Qxe3+ 23. Nxe3 Be6 24. Nf4 Bf7 25. a3 Rd8 26. Rd1 Rxd1+ 27. Nxd1 Kg7 28. Kf2 Kf6 29. Ne3 Ke5 30. Nd3+ Kd4 31. Ke2 g5 32. Nf5+ Kd5 33. Nxh6 Bg6 34. Ng4 Kd4 35. Ne1 Bh5 36. h3 Ke4 37. Nd3 Bxg4+ 38. hxg4 b6 39. b4 Nd4+ 40. Kd2 Ne6 41. b5 Kd4 42. a4 Ke4 43. Kc3 Nf4 44. Nb4 Nd5+ 45. Nxd5 Kxd5 46. Kd3 Ke5 47. Ke3 Kd5 48. Kd3 Ke5 49. Ke3 Kd5 1/2-1/2

[Event "Puhajarve rap op 23rd"]
[Site "Puhajarve"]
[Date "2023.11.25"]
[Round "15"]
[White "Jussupow, Artur"]
[Black "Hellers, Ferdinand"]
[Result "1-0"]
[WhiteElo "2559"]
[BlackElo "2592"]
[PlyCount "41"]
[EventDate "2023.11.24"]
[EventType "tourn (rapid)"]
[EventRounds "33"]
[EventCountry "EST"]
[SourceTitle "CB49_2023"]
[SourceDate "2023.12.06"]
[SourceVersion "1"]
[SourceVersionDate "2023.12.06"]
[SourceQuality "1"]

1. d4 Nf6 2. Nf3 g6 3. c4 Bg7 4. Nc3 0-0 5. Bg5 c5 6. d5 d6 7. e3 h6 8. Bh4 g5 9. Bg3 Nh5 10. Bd3 Nxg3 11. hxg3 e6 12. Qc2 exd5 13. Nxd5 Nc6 14. 0-0-0 Be6 15. a3 Rc8 16. Bh7+ Kh8 17. Bf5 b5 18. Rh5 Kg8 19. Rdh1 Re8 20. Bxe6 fxe6 21. Qg6 1-0

[Event "Kuressaare Saaremaa Rapid 4th"]
[Site "Kuressaare"]
[Date "2023.06.04"]
[Round "10"]
[White "Seeman, Tarvo"]
[Black "Hellers, Ferdinand"]
[Result "1/2-1/2"]
[WhiteElo "2408"]
[BlackElo "2592"]
[PlyCount "54"]
[EventDate "2023.06.03"]
[EventType "swiss (rapid)"]
[EventRounds "11"]
[EventCountry "EST"]
[SourceTitle "CBM 214 Extra"]
[Source "ChessBase"]
[SourceDate "2023.07.31"]
[SourceVersion "1"]
[SourceVersionDate "2023.07.31"]
[SourceQuality "1"]

1. Nf3 Nf6 2. g3 g6 3. b3 Bg7 4. Bb2 0-0 5. Bg2 d6 6. d4 Nbd7 7. 0-0 e5 8. dxe5 Ng4 9. c4 dxe5 10. e4 b6 11. Qc2 Bb7 12. Nc3 Re8 13. Rad1 Qc8 14. h3 Nh6 15. Nd5 c6 16. Ne3 f6 17. h4 Qc7 18. Rd2 Rad8 19. Rfd1 Nf7 20. Bh3 Bc8 21. b4 Nf8 22. Bxc8 Qxc8 23. c5 b5 24. Qb3 Ne6 25. h5 Nf8 26. Kg2 Rxd2 27. Rxd2 Qe6 1/2-1/2

[Event "Online Olym Div Top-B"]
[Site "Chess.com INT"]
[Date "2021.09.10"]
[Round "8.1"]
[White "Hellers, Ferdinand"]
[Black "Gledura, Benjamin"]
[Result "1/2-1/2"]
[WhiteElo "2592"]
[BlackElo "2628"]
[PlyCount "80"]
[EventDate "2021.09.08"]
[EventType "team (rapid)"]
[EventRounds "9"]
[EventCountry "USA"]
[SourceTitle "CBM 204 Extra"]
[Source "ChessBase"]
[SourceDate "2021.11.30"]
[SourceVersion "1"]
[SourceVersionDate "2021.11.30"]
[SourceQuality "1"]
[WhiteTeam "Sweden"]
[BlackTeam "Hungary"]
[WhiteTeamCountry "SWE"]
[BlackTeamCountry "HUN"]

1. e4 e5 2. Nf3 Nc6 3. Bb5 a6 4. Ba4 Nf6 5. 0-0 Be7 6. Re1 b5 7. Bb3 d6 8. c3 0-0 9. h3 Bb7 10. d4 Re8 11. Nbd2 h6 12. a4 Bf8 13. Bc2 exd4 14. cxd4 Nb4 15. Bb1 c5 16. d5 Nd7 17. Ra3 g6 18. Nf1 Bg7 19. N1h2 Qe7 20. Ng4 Qf8 21. Qd2 h5 22. Nh6+ Kh8 23. g4 Ne5 24. Nxe5 Rxe5 25. Rf3 Bxd5 26. Rd1 Ra7 27. exd5 Rxd5 28. Qe1 Bxh6 29. Rxd5 Nxd5 30. gxh5 Re7 31. Qd1 Bxc1 32. Qxd5 Re5 33. Qb7 Qe7 34. Rxf7 Re1+ 35. Kg2 Qg5+ 36. Kf3 Qxh5+ 37. Kg2 Qg5+ 38. Kf3 Qh5+ 39. Kg2 Qg5+ 40. Kf3 Qh5+ 1/2-1/2

[Event "Online Olym Div2 C"]
[Site "Chess.com INT"]
[Date "2021.09.03"]
[Round "4.2"]
[White "Potpara, Nikola"]
[Black "Hellers, Ferdinand"]
[Result "1-0"]
[WhiteElo "2374"]
[BlackElo "2592"]
[PlyCount "99"]
[EventDate "2021.09.02"]
[EventType "team (rapid)"]
[EventRounds "9"]
[EventCountry "USA"]
[SourceTitle "CBM 204 Extra"]
[Source "ChessBase"]
[SourceDate "2021.11.30"]
[SourceVersion "1"]
[SourceVersionDate "2021.11.30"]
[SourceQuality "1"]
[WhiteTeam "Montenegro"]
[BlackTeam "Sweden"]
[WhiteTeamCountry "MNE"]
[BlackTeamCountry "SWE"]

1. d4 f5 2. Nc3 Nf6 3. Bg5 g6 4. h4 Bg7 5. h5 Nxh5 6. Rxh5 gxh5 7. e4 0-0 8. Nd5 Nc6 9. Bc4 Kh8 10. Qxh5 d6 11. Ne2 fxe4 12. 0-0-0 Qe8 13. Qh4 Bf5 14. g4 Bg6 15. Nxc7 Qd7 16. Nxa8 Na5 17. Bb3 Nxb3+ 18. axb3 Rxa8 19. Nf4 Kg8 20. Nxg6 hxg6 21. Bxe7 Qe6 22. Bg5 Rf8 23. Rh1 Kf7 24. Qg3 Rh8 25. Re1 Rc8 26. Qf4+ Kg8 27. Qxe4 Qxb3 28. Qe6+ Qxe6 29. Rxe6 Kf7 30. Re7+ Kf8 31. Rxb7 Bxd4 32. f4 Re8 33. c3 Bb6 34. Kd2 Re4 35. Kd3 d5 36. Rd7 Re3+ 37. Kd2 Rg3 38. Rxd5 Rg2+ 39. Kd3 Rxb2 40. Bf6 Kf7 41. Be5 Rg2 42. Rd7+ Ke6 43. Rd6+ Ke7 44. Rxg6 Kf7 45. Rg7+ Kf8 46. g5 a5 47. Rb7 Bc5 48. Kc4 Be7 49. Kd5 Kf7 50. Bf6 1-0

[Event "Malmo Torso"]
[Site "Malmo"]
[Date "2021.08.22"]
[Round "10"]
[White "Hellers, Ferdinand"]
[Black "Brynell, Stellan"]
[Result "1/2-1/2"]
[WhiteElo "2592"]
[BlackElo "2422"]
[PlyCount "65"]
[EventDate "2021.08.21"]
[EventType "tourn (rapid)"]
[EventRounds "18"]
[EventCountry "SWE"]
[EventCategory "11"]
[SourceTitle "CBM 203 Extra"]
[Source "ChessBase"]
[SourceDate "2021.09.30"]
[SourceVersion "1"]
[SourceVersionDate "2021.09.30"]
[SourceQuality "1"]

1. Nf3 Nf6 2. c4 b6 3. g3 c5 4. Bg2 Bb7 5. 0-0 g6 6. b3 Bg7 7. Bb2 0-0 8. Nc3 d5 9. Nxd5 Nxd5 10. Bxg7 Kxg7 11. cxd5 Qxd5 12. d4 cxd4 13. Nh4 Qd7 14. Bxb7 Qxb7 15. Qxd4+ Kg8 16. Rfd1 Nc6 17. Qe4 Rfd8 18. Nf3 Na5 19. Qf4 f6 20. h4 Rd7 21. h5 Rad8 22. Rxd7 Qxd7 23. hxg6 hxg6 24. Kg2 Qf5 25. Qe3 Kf7 26. Rc1 Nb7 27. Rc7 Rd7 28. Rxd7 Qxd7 29. Qh6 g5 30. Qh7+ Kf8 31. e4 Nc5 32. Qh8+ Kf7 33. Qh7+ 1/2-1/2

[Event "Malmo Torso"]
[Site "Malmo"]
[Date "2021.08.22"]
[Round "11"]
[White "Westerberg, Jonathan"]
[Black "Hellers, Ferdinand"]
[Result "0-1"]
[WhiteElo "2526"]
[BlackElo "2592"]
[PlyCount "62"]
[EventDate "2021.08.21"]
[EventType "tourn (rapid)"]
[EventRounds "18"]
[EventCountry "SWE"]
[EventCategory "11"]
[SourceTitle "CBM 203 Extra"]
[Source "ChessBase"]
[SourceDate "2021.09.30"]
[SourceVersion "1"]
[SourceVersionDate "2021.09.30"]
[SourceQuality "1"]

1. e4 e6 2. Qe2 d5 3. d3 c5 4. Nf3 Nc6 5. g3 Nf6 6. Bg2 Be7 7. 0-0 0-0 8. e5 Nd7 9. c4 b5 10. cxb5 Na5 11. Nc3 a6 12. bxa6 Bxa6 13. Re1 Nc6 14. h4 Nd4 15. Qd1 Qb8 16. Nxd4 cxd4 17. Nxd5 exd5 18. Bxd5 Bb7 19. Bxb7 Qxb7 20. Qg4 Nc5 21. Bh6 Ne6 22. Re2 Qb5 23. f4 Kh8 24. f5 gxh6 25. fxe6 Qxd3 26. exf7 Rxf7 27. Rg2 Rg8 28. Qh3 Rfg7 29. Kh2 Qe4 30. e6 Bd6 31. Rag1 Rg4 0-1

[Event "Malmo Torso"]
[Site "Malmo"]
[Date "2021.08.21"]
[Round "6"]
[White "Hellers, Ferdinand"]
[Black "Pantzar, Milton"]
[Result "1-0"]
[WhiteElo "2592"]
[BlackElo "2424"]
[PlyCount "93"]
[EventDate "2021.08.21"]
[EventType "tourn (rapid)"]
[EventRounds "18"]
[EventCountry "SWE"]
[EventCategory "11"]
[SourceTitle "CBM 203 Extra"]
[Source "ChessBase"]
[SourceDate "2021.09.30"]
[SourceVersion "1"]
[SourceVersionDate "2021.09.30"]
[SourceQuality "1"]

1. Nf3 d5 2. d4 Nf6 3. Bf4 e6 4. e3 Bd6 5. Bg3 0-0 6. c4 c5 7. cxd5 exd5 8. Nc3 Nc6 9. Be2 Bxg3 10. hxg3 c4 11. 0-0 Re8 12. b3 cxb3 13. Qxb3 Na5 14. Qb4 Bf5 15. Rfc1 a6 16. Ne5 Nc6 17. Nxc6 bxc6 18. Na4 Rb8 19. Qc3 Ne4 20. Qxc6 Qg5 21. Rf1 Nxg3 22. fxg3 Qxe3+ 23. Rf2 Qxd4 24. Rd1 Qe3 25. Qc3 g6 26. Qxe3 Rxe3 27. Rxd5 Rxg3 28. Bf3 Rb1+ 29. Kh2 Rg5 30. Nc3 Rb4 31. g4 h6 32. Rg2 Be6 33. Rxg5 hxg5 34. Ne4 Ra4 35. Nc5 Rxa2 36. Nxe6 Rxg2+ 37. Kxg2 fxe6 38. Kf2 Kf7 39. Ke3 Ke7 40. Kd4 Kd6 41. Be4 a5 42. Bxg6 a4 43. Bc2 a3 44. Bb3 e5+ 45. Ke4 Kc5 46. Kxe5 Kb4 47. Be6 1-0

[Event "Malmo Torso"]
[Site "Malmo"]
[Date "2021.08.21"]
[Round "8"]
[White "Hellers, Ferdinand"]
[Black "Schussler, Harry"]
[Result "1/2-1/2"]
[WhiteElo "2592"]
[BlackElo "2410"]
[PlyCount "40"]
[EventDate "2021.08.21"]
[EventType "tourn (rapid)"]
[EventRounds "18"]
[EventCountry "SWE"]
[EventCategory "11"]
[SourceTitle "CBM 203 Extra"]
[Source "ChessBase"]
[SourceDate "2021.09.30"]
[SourceVersion "1"]
[SourceVersionDate "2021.09.30"]
[SourceQuality "1"]

1. e4 e5 2. Nf3 Nf6 3. Nxe5 d6 4. Nf3 Nxe4 5. Nc3 Nxc3 6. dxc3 Be7 7. Be3 0-0 8. Qd2 Nd7 9. 0-0-0 Ne5 10. Nxe5 dxe5 11. Bd3 Bg4 12. f3 Be6 13. Qe2 Qe8 14. Bc4 Bxc4 15. Qxc4 Qc6 16. Qxc6 bxc6 17. Rd2 a6 18. Rhd1 Rfd8 19. Rxd8+ Rxd8 20. Rxd8+ Bxd8 1/2-1/2

[Event "Malmo Torso"]
[Site "Malmo"]
[Date "2021.08.21"]
[Round "9"]
[White "Smith, Axel"]
[Black "Hellers, Ferdinand"]
[Result "1/2-1/2"]
[WhiteElo "2451"]
[BlackElo "2592"]
[PlyCount "32"]
[EventDate "2021.08.21"]
[EventType "tourn (rapid)"]
[EventRounds "18"]
[EventCountry "SWE"]
[EventCategory "11"]
[SourceTitle "CBM 203 Extra"]
[Source "ChessBase"]
[SourceDate "2021.09.30"]
[SourceVersion "1"]
[SourceVersionDate "2021.09.30"]
[SourceQuality "1"]

1. e4 e6 2. d4 d5 3. exd5 exd5 4. Nf3 Nf6 5. Bd3 Bd6 6. Qe2+ Be6 7. Ng5 Qe7 8. Nc3 a6 9. Be3 Nc6 10. a3 Bg4 11. f3 Bd7 12. Bf2 h6 13. Nh3 0-0-0 14. Qxe7 Nxe7 15. Bg3 Bf5 16. Kd2 Bxd3 1/2-1/2

[Event "EU-Cup Online Gr-F"]
[Site "Tornelo INT"]
[Date "2021.03.28"]
[Round "7.1"]
[White "Hellers, Ferdinand"]
[Black "Kovalenko, Igor"]
[Result "1/2-1/2"]
[WhiteElo "2592"]
[BlackElo "2643"]
[PlyCount "135"]
[EventDate "2021.03.27"]
[EventType "team-tourn (rapid)"]
[EventRounds "9"]
[EventCountry "NET"]
[SourceTitle "CBM 201 Extra"]
[Source "ChessBase"]
[SourceDate "2021.05.31"]
[SourceVersion "1"]
[SourceVersionDate "2021.05.31"]
[SourceQuality "1"]
[WhiteTeam "Wasa"]
[BlackTeam "Ashdod Ogen"]
[WhiteTeamCountry "SWE"]
[BlackTeamCountry "ISR"]

1. d4 Nf6 2. Nf3 b6 3. Bf4 Bb7 4. e3 g6 5. h3 Bg7 6. Be2 d6 7. 0-0 0-0 8. c4 Ne4 9. Nbd2 Nxd2 10. Qxd2 Nd7 11. Rfd1 e6 12. Rac1 h6 13. b4 Nf6 14. c5 g5 15. Bh2 Ne4 16. Qc2 Bd5 17. Bc4 Qf6 18. Bd3 Qg6 19. cxd6 cxd6 20. Bxd6 Rfd8 21. Ne5 Bxe5 22. Bxe5 f6 23. Bh2 f5 24. f3 Nf6 25. Re1 Bb7 26. Qc7 Rd7 27. Qe5 Qf7 28. e4 f4 29. h4 Nh7 30. Bc4 Re7 31. Qd6 Rae8 32. Bb3 Nf8 33. hxg5 hxg5 34. Qe5 Qg7 35. Qxg7+ Kxg7 36. Kf2 Rd8 37. Red1 Red7 38. Ke1 Kf6 39. Bg1 g4 40. Rc3 g3 41. Rdc1 Ng6 42. Bc4 Rh8 43. R3c2 Rh1 44. Kd2 Nh4 45. Kc3 Rc7 46. Kb2 b5 47. Bxb5 Rxc2+ 48. Kxc2 Nxg2 49. Kd2 Nh4 50. Be2 Ba6 51. d5 Bxe2 52. Kxe2 e5 53. b5 Ng6 54. a4 Nf8 55. a5 Nd7 56. Kf1 Nf8 57. Kg2 Rh7 58. Rc6+ Kg5 59. b6 axb6 60. Bxb6 Rh2+ 61. Kg1 Ra2 62. Bd8+ Kh5 63. a6 Nd7 64. Rc7 Ra1+ 65. Kg2 Ra2+ 66. Kg1 Ra1+ 67. Kg2 Ra2+ 68. Kg1 1/2-1/2

[Event "EU-Cup Online Gr-F"]
[Site "Tornelo INT"]
[Date "2021.03.28"]
[Round "6.1"]
[White "Maghsoodloo, Parham"]
[Black "Hellers, Ferdinand"]
[Result "1-0"]
[WhiteElo "2676"]
[BlackElo "2592"]
[PlyCount "47"]
[EventDate "2021.03.27"]
[EventType "team-tourn (rapid)"]
[EventRounds "9"]
[EventCountry "NET"]
[SourceTitle "CBM 201 Extra"]
[Source "ChessBase"]
[SourceDate "2021.05.31"]
[SourceVersion "1"]
[SourceVersionDate "2021.05.31"]
[SourceQuality "1"]
[WhiteTeam "Clichy Echecs 92"]
[BlackTeam "Wasa"]
[WhiteTeamCountry "FRA"]
[BlackTeamCountry "SWE"]

1. d4 Nf6 2. c4 c5 3. d5 e6 4. Nc3 exd5 5. cxd5 d6 6. e4 g6 7. Be2 Bg7 8. Bg5 h6 9. Bh4 0-0 10. Nf3 g5 11. Bg3 Nh5 12. Nd2 Nxg3 13. hxg3 Nd7 14. Nc4 Nf6 15. a4 Rb8 16. Qc2 Re8 17. 0-0-0 b6 18. f4 Ng4 19. Nb5 Bf8 20. Nxa7 Bd7 21. e5 dxe5 22. Nc6 Qf6 23. fxe5 Nxe5 24. Rhf1 1-0

[Event "EU-Cup Online Gr-F"]
[Site "Tornelo INT"]
[Date "2021.03.27"]
[Round "2.1"]
[White "Pulkkinen, Kari"]
[Black "Hellers, Ferdinand"]
[Result "0-1"]
[WhiteElo "2256"]
[BlackElo "2592"]
[PlyCount "110"]
[EventDate "2021.03.27"]
[EventType "team-tourn (rapid)"]
[EventRounds "9"]
[EventCountry "NET"]
[SourceTitle "CBM 201 Extra"]
[Source "ChessBase"]
[SourceDate "2021.05.31"]
[SourceVersion "1"]
[SourceVersionDate "2021.05.31"]
[SourceQuality "1"]
[WhiteTeam "Aatos"]
[BlackTeam "Wasa"]
[WhiteTeamCountry "FIN"]
[BlackTeamCountry "SWE"]

1. e4 Nf6 2. e5 Nd5 3. d4 d6 4. Nf3 g6 5. Bc4 Nb6 6. Bb3 Bg7 7. Ng5 e6 8. f4 dxe5 9. fxe5 0-0 10. 0-0 c5 11. c3 cxd4 12. cxd4 Nc6 13. Nf3 f6 14. exf6 Qxf6 15. Be3 Nd5 16. Bf2 Nf4 17. Nc3 Nh3+ 18. gxh3 Qxf3 19. Qxf3 Rxf3 20. Kg2 Rf8 21. Rad1 Na5 22. Bc2 Bd7 23. Be4 Bc6 24. Rfe1 Rad8 25. b4 Bxe4+ 26. Rxe4 Nc6 27. Rxe6 Bxd4 28. Bxd4 Rxd4 29. Rxd4 Nxd4 30. Re7 Rf7 31. Re8+ Kg7 32. Ne4 Nf5 33. Nc5 b6 34. Ne6+ Kf6 35. Nf4 Rd7 36. Kf3 Rd2 37. a4 Ra2 38. Rf8+ Kg7 39. Ne6+ Kh6 40. Rf7 Ra3+ 41. Kf4 Rxa4 42. Nf8 Rxb4+ 43. Ke5 Ng7 44. Rxa7 Rb3 45. Nd7 Re3+ 46. Kf4 Re7 47. Kg4 Nh5 48. Ra6 Rxd7 49. Rxb6 Rd2 50. Rb5 Rxh2 51. Rc5 Rg2+ 52. Kf3 Rg3+ 53. Kf2 Rxh3 54. Kg2 Ra3 55. Kf2 Nf4 0-1

[Event "Rilton Masters vs Juniors"]
[Site "Chess.com INT"]
[Date "2020.12.29"]
[Round "3.4"]
[White "Storme, Isak"]
[Black "Hellers, Ferdinand"]
[Result "1/2-1/2"]
[WhiteElo "2392"]
[BlackElo "2592"]
[PlyCount "70"]
[EventDate "2020.12.27"]
[EventType "team (rapid)"]
[EventRounds "4"]
[EventCountry "SWE"]
[SourceTitle "CBM 200 Extra"]
[Source "ChessBase"]
[SourceDate "2021.03.31"]
[SourceVersion "1"]
[SourceVersionDate "2021.03.31"]
[SourceQuality "1"]
[WhiteTeam "Junior"]
[BlackTeam "Grandmaster"]
[WhiteTeamCountry "SWE"]
[BlackTeamCountry "SWE"]

1. e4 Nf6 2. e5 Nd5 3. d4 d6 4. Nf3 g6 5. Be2 Bg7 6. 0-0 0-0 7. h3 Nc6 8. c4 Nb6 9. exd6 cxd6 10. Nc3 Bf5 11. Be3 d5 12. c5 Nc4 13. Qb3 N6a5 14. Qb4 b6 15. cxb6 Rb8 16. Bxc4 Nxc4 17. Qc5 axb6 18. Qxd5 Nxb2 19. Ne5 Rc8 20. Qb3 Nd3 21. Rfd1 Bxe5 22. dxe5 Qc7 23. Nd5 Qxe5 24. Nxb6 Rb8 25. a4 Rfd8 26. a5 Be6 27. Qa3 f5 28. Rab1 Qe4 29. Qxe7 f4 30. Bxf4 Nxf4 31. Rxd8+ Rxd8 32. Qxd8+ Kf7 33. Qc7+ Kg8 34. Qd8+ Kf7 35. Qc7+ Kg8 1/2-1/2

[Event "Rilton Masters vs Juniors"]
[Site "Chess.com INT"]
[Date "2020.12.27"]
[Round "1.2"]
[White "Carlsson, Ludvig"]
[Black "Hellers, Ferdinand"]
[Result "0-1"]
[WhiteElo "2258"]
[BlackElo "2592"]
[PlyCount "64"]
[EventDate "2020.12.27"]
[EventType "team (rapid)"]
[EventRounds "4"]
[EventCountry "SWE"]
[SourceTitle "CBM 200 Extra"]
[Source "ChessBase"]
[SourceDate "2021.03.31"]
[SourceVersion "1"]
[SourceVersionDate "2021.03.31"]
[SourceQuality "1"]
[WhiteTeam "Junior"]
[BlackTeam "Grandmaster"]
[WhiteTeamCountry "SWE"]
[BlackTeamCountry "SWE"]

1. d4 Nf6 2. c4 c5 3. d5 e6 4. Nc3 exd5 5. cxd5 d6 6. Nf3 g6 7. Nd2 Bg7 8. e4 0-0 9. Be2 Ne8 10. 0-0 f5 11. exf5 Bxf5 12. g4 Bc8 13. Nde4 Nd7 14. f4 Ndf6 15. Ng5 Nc7 16. f5 gxf5 17. gxf5 b5 18. Nxb5 Nxb5 19. Bxb5 Rb8 20. Bc4 Rb4 21. Qd3 Ng4 22. Qh3 Nh6 23. Ne6 Bxe6 24. Bxh6 Bxf5 25. Rxf5 Rxf5 26. Qxf5 Bxh6 27. Qe6+ Kg7 28. Rf1 Rxc4 29. Rf7+ Kh8 30. Qxh6 Qg8+ 31. Kh1 Qxf7 32. b3 Qf1# 0-1

[Event "PRO League KO Stage"]
[Site "Chess.com INT"]
[Date "2020.03.04"]
[Round "1"]
[White "Grischuk, Alexander"]
[Black "Hellers, Ferdinand"]
[Result "1-0"]
[WhiteElo "2777"]
[BlackElo "2592"]
[PlyCount "61"]
[EventDate "2020.03.02"]
[EventType "team-k.o. (rapid)"]
[EventRounds "4"]
[EventCountry "USA"]
[SourceTitle "CBM 195 Extra"]
[Source "ChessBase"]
[SourceDate "2020.05.31"]
[SourceVersion "1"]
[SourceVersionDate "2020.05.31"]
[SourceQuality "1"]
[WhiteTeam "Canada ChessBrahs"]
[BlackTeam "Sweden Wasabis"]
[WhiteTeamCountry "CAN"]
[BlackTeamCountry "SWE"]

1. e4 d6 2. d4 Nf6 3. Nc3 g6 4. Bg5 Bg7 5. Qd2 c6 6. f4 b5 7. Bd3 0-0 8. Nf3 Bg4 9. 0-0-0 Nbd7 10. Kb1 Rb8 11. h3 Bxf3 12. gxf3 b4 13. Ne2 c5 14. h4 Qc7 15. e5 c4 16. exf6 exf6 17. Be4 fxg5 18. hxg5 Nb6 19. f5 d5 20. f6 dxe4 21. fxe4 h5 22. Qe3 Rfe8 23. fxg7 b3 24. axb3 cxb3 25. cxb3 Nd5 26. Qf3 Nb4 27. Nc3 Qa5 28. Rxh5 f5 29. Rdh1 Kxg7 30. Rh7+ Kg8 31. Rd7 1-0

[Event "Riga Old Town Pullman 3rd"]
[Site "Riga"]
[Date "2020.02.29"]
[Round "1"]
[White "Hellers, Ferdinand"]
[Black "Priedite, Ingrida"]
[Result "1-0"]
[WhiteElo "2592"]
[BlackElo "2038"]
[PlyCount "43"]
[EventDate "2020.02.29"]
[EventType "swiss"]
[EventRounds "9"]
[EventCountry "LAT"]
[SourceTitle "CBM 195 Extra"]
[Source "ChessBase"]
[SourceDate "2020.05.31"]
[SourceVersion "1"]
[SourceVersionDate "2020.05.31"]
[SourceQuality "1"]

1. Nf3 c5 2. g3 Nc6 3. Bg2 b6 4. 0-0 Bb7 5. e4 g6 6. c3 Bg7 7. d4 d6 8. Re1 e5 9. Nbd2 Nge7 10. d5 Nb8 11. a4 a6 12. b4 Nd7 13. Nc4 Qc7 14. Bf1 0-0 15. Be3 f5 16. Ng5 Qb8 17. Ne6 Rf7 18. bxc5 Nxc5 19. Bxc5 bxc5 20. Rb1 fxe4 21. Na5 Nxd5 22. Rxb7 1-0